000 00885nam a2200325Ia 4500
003 OSt
005 20220912150642.0
006 a|||||r|||| 00| 0
007 ta
008 220909b |||||||| |||| 00| 0 eng d
020 _a0201409941 (pbk)
024 _a4328
037 _bNarosa,
037 _cTextual
040 _aCSL
_beng
_cCSL
041 _aeng
082 _aD65,8(B):41, N5
100 _aShanley Tom
110 _aMindShare,Inc
245 0 _a80486 system architecture
250 _a3
260 _aReading, Massachusetts
_bAddison-Wesley Publishing Company
_c1995
300 _axiii,188p
490 _aPC system architecture series
500 _aGlossary 165-179p; Index 183-188p
650 _a System architecture
650 _aComputer Science
942 _hD65,8(B):41, N5
_cTEXL
_2CC
999 _c51869
_d51869